[Event "Siegener SV 1 - SC Rochade Emsdetten 1"]
[Site "NRW-Klasse, Gruppe 2 2016/201"]
[Date "2017.03.26"]
[Round "8.7"]
[White "Fehlings, Gerd"]
[Black "Lindner, Torsten"]
[Result "1-0"]
[WhiteElo "1753"]
[BlackElo "1903"]
[PlyCount "71"]
[EventDate "2017.??.??"]
[WhiteTeam "SC Rochade Emsdetten 1"]
[BlackTeam "Siegener SV 1"]

1. d4 Nf6 2. Nf3 g6 3. g3 Bg7 4. Bg2 O-O 5. c4 d6 6. O-O c6 7. Nc3 Qc7 8. h3
Nbd7 9. e4 e5 10. Be3 Re8 11. Re1 b6 12. Qd2 Bb7 13. Rad1 a6 14. Bh6 Bh8 15. b4
Nf8 16. d5 cxd5 17. Nxd5 Nxd5 18. cxd5 Rec8 19. Rc1 Qd7 20. Qe3 b5 21. Ng5 Rxc1
22. Rxc1 Qd8 23. Bxf8 Qxf8 24. Rc7 Bc8 25. Rxf7 Qe8 26. Rc7 Bf6 27. h4 Bd8 28.
Rc6 Qe7 29. Bh3 Bxh3 30. Nxh3 a5 31. Ng5 axb4 32. Ne6 Ra3 33. Qc1 Rc3 34. Rxc3
bxc3 35. Qxc3 Bb6 36. Qc8+ 1-0

[Event "Siegener SV 1 - SC Rochade Emsdetten 1"]
[Site "NRW-Klasse, Gruppe 2 2016/201"]
[Date "2017.03.26"]
[Round "8.8"]
[White "Doehner, Hans-Juergen"]
[Black "Bahr, Maximilian"]
[Result "1/2-1/2"]
[WhiteElo "1835"]
[BlackElo "1655"]
[PlyCount "120"]
[EventDate "2017.??.??"]
[WhiteTeam "Siegener SV 1"]
[BlackTeam "SC Rochade Emsdetten 1"]

1. e4 e5 2. Nf3 Nc6 3. Bb5 f5 4. d3 fxe4 5. dxe4 d6 6. Nc3 Nf6 7. Bg5 Be7 8.
Bxf6 Bxf6 9. Nd5 O-O 10. Qd2 Bg4 11. Be2 Bxf3 12. Nxf6+ Qxf6 13. Bxf3 Nd4 14.
Bd1 Qg6 15. f3 Kh8 16. c3 Ne6 17. Bc2 Nf4 18. O-O Rf6 19. Kh1 Qh5 20. g3 Nh3
21. Bd1 Raf8 22. Qg2 Ng5 23. f4 Qg6 24. f5 Qe8 25. h4 Ne6 26. Bc2 Nc5 27. g4
Rh6 28. Qg3 Qc6 29. Rae1 g5 30. fxg6 Rxf1+ 31. Rxf1 Nxe4 32. Rf8+ Kg7 33. Rf7+
Kg8 34. Qf3 Ng3+ 35. Kg2 Qxf3+ 36. Rxf3 Ne2 37. gxh7+ Kg7 38. Rf2 Nf4+ 39. Kg3
Ng6 40. h5 Nf4 41. Kh4 d5 42. Bf5 c5 43. Rh2 Rf6 44. Kg5 Ne6+ 45. Bxe6 Rxe6 46.
Kf5 Re8 47. g5 Kxh7 48. h6 Rg8 49. Rg2 e4 50. Ke5 e3 51. Kxd5 b6 52. Kc6 Re8
53. Re2 Kg6 54. Kd7 Re4 55. b3 Kxg5 56. h7 Rh4 57. h8=Q Rxh8 58. Rxe3 Rh2 59.
a4 Kf4 60. Rd3 Ke4 1/2-1/2

[Event "SV Letmathe 1 - Herforder SV Königsspri"]
[Site "NRW-Klasse, Gruppe 2 2016/201"]
[Date "2017.03.26"]
[Round "8.1"]
[White "Kirnos, Evgeni"]
[Black "Kolosowski, Mateusz"]
[Result "0-1"]
[WhiteElo "2157"]
[BlackElo "2433"]
[PlyCount "102"]
[EventDate "2017.??.??"]
[WhiteTeam "Herforder SV Königsspringer 1"]
[BlackTeam "SV Letmathe 1"]

1. e4 e5 2. Nf3 Nc6 3. Bb5 a6 4. Ba4 Nf6 5. Bxc6 dxc6 6. d3 Bd6 7. Nbd2 Be6 8.
O-O Qe7 9. d4 Nd7 10. dxe5 Nxe5 11. Nxe5 Bxe5 12. Qh5 Bf6 13. Re1 O-O-O 14. Qe2
g5 15. e5 Bg7 16. Ne4 h6 17. Ng3 Rd5 18. f4 gxf4 19. Bxf4 Qh4 20. Qe4 Bf8 21.
b4 Qd8 22. a3 Rg8 23. Qe3 Kb8 24. Ne4 Be7 25. Nc3 Rd7 26. Rad1 Bg4 27. Rxd7
Qxd7 28. Kh1 Qe6 29. Ne4 Bf5 30. Nf6 Rd8 31. Bxh6 Bxc2 32. Qf2 Ba4 33. h3 c5
34. bxc5 Bc6 35. Kh2 Rd3 36. Bc1 Rc3 37. Bb2 Bxc5 38. Qd2 Rb3 39. Qd8+ Ka7 40.
Bd4 Qc4 41. Nd7 Bxd7 42. Bxc5+ Qxc5 43. Qxd7 Qc3 44. Qd1 Rxa3 45. Qe2 Qd4 46.
e6 fxe6 47. Qxe6 c5 48. Rb1 c4 49. Rxb7+ Kxb7 50. Qe7+ Kc6 51. Qxa3 Qd6+ 0-1

[Event "SV Letmathe 1 - Herforder SV Königsspri"]
[Site "NRW-Klasse, Gruppe 2 2016/201"]
[Date "2017.03.26"]
[Round "8.2"]
[White "Podzielny, Karl-Heinz"]
[Black "Nordsieck, Thomas"]
[Result "1-0"]
[WhiteElo "2341"]
[BlackElo "2287"]
[PlyCount "73"]
[EventDate "2017.??.??"]
[WhiteTeam "SV Letmathe 1"]
[BlackTeam "Herforder SV Königsspringer 1"]

1. d4 g6 2. g3 Bg7 3. Bg2 c5 4. d5 e5 5. Nc3 d6 6. Nf3 Nd7 7. a4 Nh6 8. e4 O-O
9. h4 Nf6 10. Ng5 a6 11. a5 Rb8 12. Bd2 b5 13. axb6 Rxb6 14. Na4 Rb8 15. b3
Nhg4 16. f3 Nh6 17. g4 Ne8 18. Nb2 Qe7 19. Nc4 f5 20. gxf5 gxf5 21. Bh3 Nf6 22.
Be3 Nh5 23. Ne6 Ng3 24. Bg5 Rf6 25. Rg1 f4 26. Nxg7 Qxg7 27. Bxc8 Rxc8 28. Bxf6
Qxf6 29. Rxa6 Nf7 30. Kd2 Rd8 31. Kc3 Qxh4 32. Qd2 Qh5 33. Qf2 Kh8 34. Kb2 Qh6
35. Rga1 Qf6 36. Qxc5 Qg6 37. Qc7 1-0

[Event "SV Letmathe 1 - Herforder SV Königsspri"]
[Site "NRW-Klasse, Gruppe 2 2016/201"]
[Date "2017.03.26"]
[Round "8.3"]
[White "Wolf, Andre"]
[Black "Adamski, Jan"]
[Result "1/2-1/2"]
[WhiteElo "2195"]
[BlackElo "2246"]
[PlyCount "35"]
[EventDate "2017.??.??"]
[WhiteTeam "Herforder SV Königsspringer 1"]
[BlackTeam "SV Letmathe 1"]

1. e4 c5 2. c3 d5 3. exd5 Qxd5 4. d4 Nf6 5. Nf3 e6 6. a3 Nc6 7. Be3 cxd4 8.
cxd4 g6 9. Nc3 Qd6 10. Bc4 Bg7 11. Nb5 Qd8 12. Bf4 O-O 13. Bd6 Re8 14. Bc7 Qe7
15. Bd6 Qd8 16. Bc7 Qe7 17. Bd6 Qd8 18. Bc7 1/2-1/2

[Event "SV Letmathe 1 - Herforder SV Königsspri"]
[Site "NRW-Klasse, Gruppe 2 2016/201"]
[Date "2017.03.26"]
[Round "8.4"]
[White "Soukup, Jiri"]
[Black "Bentel, Robin"]
[Result "1-0"]
[WhiteElo "2320"]
[BlackElo "1974"]
[PlyCount "43"]
[EventDate "2017.??.??"]
[WhiteTeam "SV Letmathe 1"]
[BlackTeam "Herforder SV Königsspringer 1"]

1. e4 c5 2. a3 e6 3. b4 Nf6 4. e5 Nd5 5. c4 Nc7 6. bxc5 Bxc5 7. d4 Be7 8. Nf3
d6 9. exd6 Qxd6 10. Nc3 Nc6 11. Ne4 Qd7 12. Bb2 O-O 13. Bd3 b6 14. O-O Bb7 15.
Qe2 Rfe8 16. Rad1 Rad8 17. Bb1 a6 18. Qc2 f5 19. Ng3 g6 20. d5 exd5 21. cxd5
Nxd5 22. Ba2 1-0

[Event "SV Letmathe 1 - Herforder SV Königsspri"]
[Site "NRW-Klasse, Gruppe 2 2016/201"]
[Date "2017.03.26"]
[Round "8.5"]
[White "Loemker, Michael"]
[Black "Gruermann, Martin"]
[Result "0-1"]
[WhiteElo "2028"]
[BlackElo "2169"]
[PlyCount "74"]
[EventDate "2017.??.??"]
[WhiteTeam "Herforder SV Königsspringer 1"]
[BlackTeam "SV Letmathe 1"]

1. d4 d5 2. c4 Nc6 3. Nf3 Bg4 4. Nc3 Nf6 5. cxd5 Nxd5 6. e3 e5 7. Be2 exd4 8.
exd4 Bb4 9. Bd2 O-O 10. O-O Re8 11. h3 Bh5 12. g4 Bg6 13. Bb5 Nde7 14. Qb3 Bxc3
15. Bxc3 Be4 16. Ne5 Bd5 17. Qc2 Ng6 18. Nxg6 hxg6 19. Rae1 Qh4 20. Qd3 Kh7 21.
b3 Rh8 22. Bc4 Rad8 23. Re3 Rd6 24. Rfe1 Rhd8 25. Bb5 Qf6 26. Bxc6 Rxc6 27. Re5
Re6 28. Rxe6 fxe6 29. Qg3 Rf8 30. Re3 g5 31. Be1 Rf7 32. Qe5 Qg6 33. a4 c6 34.
b4 Rf4 35. b5 cxb5 36. axb5 Qh6 37. Rg3 Re4 0-1

[Event "SV Letmathe 1 - Herforder SV Königsspri"]
[Site "NRW-Klasse, Gruppe 2 2016/201"]
[Date "2017.03.26"]
[Round "8.6"]
[White "Haude, Ruediger"]
[Black "Quelle, Helmut"]
[Result "1/2-1/2"]
[WhiteElo "2041"]
[BlackElo "2031"]
[PlyCount "48"]
[EventDate "2017.??.??"]
[WhiteTeam "SV Letmathe 1"]
[BlackTeam "Herforder SV Königsspringer 1"]

1. d4 Nf6 2. Nf3 g6 3. g3 Bg7 4. Bg2 O-O 5. O-O d5 6. Nbd2 c5 7. dxc5 Na6 8.
Nb3 Ne4 9. c3 e5 10. Ne1 Be6 11. Nd3 Qc7 12. Be3 Rfd8 13. f3 Nf6 14. Qc1 Nd7
15. f4 f6 16. fxe5 fxe5 17. Bg5 Rf8 18. Qe3 Rxf1+ 19. Rxf1 Rf8 20. Be7 Rxf1+
21. Kxf1 Nf6 22. Bxf6 Bxf6 23. Nb4 Nxb4 24. cxb4 e4 1/2-1/2

[Event "SV Letmathe 1 - Herforder SV Königsspri"]
[Site "NRW-Klasse, Gruppe 2 2016/201"]
[Date "2017.03.26"]
[Round "8.7"]
[White "Heuermann, Heinz-Burkhard"]
[Black "Pfleger, Sascha"]
[Result "0-1"]
[WhiteElo "1940"]
[BlackElo "1979"]
[PlyCount "160"]
[EventDate "2017.??.??"]
[WhiteTeam "Herforder SV Königsspringer 1"]
[BlackTeam "SV Letmathe 1"]

1. c4 c5 2. Nc3 b6 3. e4 g6 4. Nf3 Bg7 5. d4 cxd4 6. Nxd4 d6 7. Be3 Nf6 8. f3
O-O 9. Qd2 Bb7 10. Be2 Nbd7 11. g4 Nc5 12. g5 Nh5 13. O-O-O Qd7 14. Qc2 Be5 15.
Qd2 Ne6 16. Nxe6 fxe6 17. Bd4 Bf4 18. Be3 e5 19. Rdg1 Rac8 20. Kb1 Bxe3 21.
Qxe3 Rf4 22. Rg4 Rcf8 23. Rhg1 Bc6 24. Rxf4 Rxf4 25. Rg4 Rxg4 26. fxg4 Nf4 27.
h4 Qe6 28. Bd1 Kg7 29. b3 Qf7 30. Bf3 Kf8 31. Kb2 Qe8 32. a4 Ne6 33. Bd1 Qf7
34. Ne2 Qf1 35. Bc2 Qg2 36. Kc3 Qxg4 37. a5 bxa5 38. Kb2 Nc5 39. Nc3 Qf4 40.
Qe2 Ne6 41. Nd5 Bxd5 42. cxd5 Nc5 43. Qb5 Qxh4 44. Qxa5 Qxg5 45. b4 Nxe4 46.
Bxe4 Qe3 47. Bc2 Qd4+ 48. Kb3 e4 49. Qd8+ Kf7 50. Ka3 Qc3+ 51. Bb3 Qa1+ 52. Ba2
e3 53. Qc8 Qe5 54. Bc4 Qc3+ 55. Ka4 Kg7 56. Qg4 h5 57. Qe4 Qe5 58. Qf3 Qd4 59.
Bb5 Qa1+ 60. Kb3 Qb1+ 61. Ka3 a5 62. Be8 Qxb4+ 63. Ka2 Qd2+ 64. Kb3 Qf2 65. Qe4
e2 66. Qxg6+ Kf8 67. Qxh5 Qg3+ 68. Kc2 Qg7 69. Qxe2 Kxe8 70. Qb5+ Kf7 71. Qxa5
Qd4 72. Qa8 Qe5 73. Qb7 Kf6 74. Qa8 Kf5 75. Qc8+ Kf4 76. Qc6 Ke4 77. Qc4+ Qd4
78. Qe2+ Qe3 79. Qc4+ Ke5 80. Qc6 Qc5+ 0-1

[Event "SV Letmathe 1 - Herforder SV Königsspri"]
[Site "NRW-Klasse, Gruppe 2 2016/201"]
[Date "2017.03.26"]
[Round "8.8"]
[White "Hunold, Rolf"]
[Black "Nußbaumer, Bernhard"]
[Result "1-0"]
[WhiteElo "1946"]
[BlackElo "1754"]
[PlyCount "85"]
[EventDate "2017.??.??"]
[WhiteTeam "SV Letmathe 1"]
[BlackTeam "Herforder SV Königsspringer 1"]

1. e4 c5 2. Nf3 d6 3. d4 cxd4 4. Nxd4 Nf6 5. Nc3 a6 6. Be3 e5 7. Nb3 Be7 8. f3
Be6 9. Qd2 d5 10. exd5 Nxd5 11. Nxd5 Qxd5 12. Qf2 O-O 13. Be2 Qc6 14. c3 a5 15.
Nc5 Bxc5 16. Bxc5 Rc8 17. Be3 Bc4 18. O-O Bxe2 19. Qxe2 Rd8 20. Rfd1 Na6 21.
Rd2 Nc7 22. Rad1 Ne6 23. Rxd8+ Rxd8 24. Rxd8+ Nxd8 25. Qd3 Ne6 26. b3 b5 27.
Kf1 h6 28. Ke2 Kf8 29. Kd2 Ke7 30. Kc2 Qd7 31. Qxd7+ Kxd7 32. Bb6 a4 33. bxa4
bxa4 34. Be3 Kd6 35. Kd3 Nf4+ 36. Bxf4 exf4 37. Kc4 g5 38. Kb5 f5 39. c4 Kc7
40. Kxa4 g4 41. Kb5 h5 42. Kc5 h4 43. h3 1-0

[Event "SK Münster 2 - SV Kamen 1"]
[Site "NRW-Klasse, Gruppe 2 2016/201"]
[Date "2017.03.26"]
[Round "8.1"]
[White "Weidemann, Christian"]
[Black "Emunds, Hans Georg"]
[Result "1/2-1/2"]
[WhiteElo "2321"]
[BlackElo "2119"]
[PlyCount "48"]
[EventDate "2017.??.??"]
[WhiteTeam "SV Kamen 1"]
[BlackTeam "SK Münster 2"]

1. d4 Nf6 2. Nf3 b6 3. e3 Bb7 4. Bd3 g6 5. O-O Bg7 6. Nbd2 O-O 7. e4 d6 8. Re1
Nbd7 9. a4 e5 10. dxe5 dxe5 11. a5 Rb8 12. b4 c5 13. axb6 axb6 14. Bb2 Qc7 15.
bxc5 bxc5 16. Nc4 Rfe8 17. Ra7 Ra8 18. Rxa8 Bxa8 19. Nfxe5 Nxe5 20. Nxe5 Nxe4
21. Bxe4 Bxe4 22. Rxe4 Bxe5 23. f4 Rd8 24. Qa1 Bxb2 1/2-1/2

[Event "SK Münster 2 - SV Kamen 1"]
[Site "NRW-Klasse, Gruppe 2 2016/201"]
[Date "2017.03.26"]
[Round "8.2"]
[White "Wieder, Heiner"]
[Black "Himmel, Hansjörg"]
[Result "1/2-1/2"]
[WhiteElo "2105"]
[BlackElo "2196"]
[PlyCount "75"]
[EventDate "2017.??.??"]
[WhiteTeam "SK Münster 2"]
[BlackTeam "SV Kamen 1"]

1. e4 c5 2. Nf3 Nc6 3. d4 cxd4 4. Nxd4 Qb6 5. Nb3 Nf6 6. Nc3 e6 7. Be3 Qc7 8.
f3 Bb4 9. Qd2 d5 10. O-O-O dxe4 11. Bc5 Bxc5 12. Nxc5 O-O 13. N5xe4 Nxe4 14.
Nxe4 e5 15. Bd3 Nd4 16. Kb1 f6 17. c3 Nf5 18. h4 Be6 19. g4 Ne7 20. h5 h6 21.
g5 fxg5 22. Nxg5 Bf5 23. Ne4 Nd5 24. Bc2 Nf4 25. Nd6 Bxc2+ 26. Qxc2 Rad8 27.
Qb3+ Kh7 28. Qb4 Rf6 29. Ne4 Rff8 30. Ng3 Rxd1+ 31. Rxd1 Rd8 32. Qe4+ Kg8 33.
Rxd8+ Qxd8 34. a4 Qg5 35. Nf5 Qf6 36. Ng3 Qg5 37. Nf5 Qf6 38. Ng3 1/2-1/2

[Event "SK Münster 2 - SV Kamen 1"]
[Site "NRW-Klasse, Gruppe 2 2016/201"]
[Date "2017.03.26"]
[Round "8.3"]
[White "Luetke, Jens"]
[Black "Mueschenich, Stefan"]
[Result "1-0"]
[WhiteElo "2174"]
[BlackElo "2078"]
[Annotator "Daniel"]
[PlyCount "125"]
[EventDate "2017.??.??"]
[WhiteTeam "SV Kamen 1"]
[BlackTeam "SK Münster 2"]

1. e4 Nf6 2. e5 Nd5 3. d4 d6 4. Nf3 Bg4 5. Be2 c6 6. exd6 exd6 7. O-O Be7 8. h3
Bh5 9. Re1 O-O 10. c4 Nb6 11. Qb3 a5 12. a4 N8d7 13. Bf4 Re8 14. Nbd2 Nf8 15.
Bd3 Ne6 16. Be3 Qc7 17. Qc2 Bg6 $11 18. Bxg6 hxg6 19. d5 cxd5 20. Bxb6 Qxb6 21.
cxd5 Nd4 22. Nxd4 Qxd4 23. Nc4 Rac8 24. Re4 Qc5 25. Rae1 Rf8 26. b3 Bf6 27. Qd2
Ra8 28. g4 g5 29. R1e3 Rfd8 30. Rf3 b6 31. h4 gxh4 32. g5 Be5 33. Rxh4 g6 34.
Qd3 Bg7 35. Ne3 Rac8 36. Rc4 Qa3 37. Kg2 Rc5 38. Rcf4 Rd7 39. Nc4 Qc1 40. Qe4
Bf8 41. Rxf7 Qxg5+ 42. Rg3 Qxg3+ 43. fxg3 Rxf7 44. Qxg6+ Rg7 45. Qe6+ Kh7 46.
Ne3 Rcc7 47. Qf5+ Kg8 48. Ng4 Be7 49. Nh6+ Kh8 50. Qh5 Rc2+ 51. Kf1 Rc8 52.
Nf7+ Kg8 53. Qh8+ Kxf7 54. Qxc8 Rxg3 55. Qc4 Rh3 56. Qb5 Rh5 57. Qxb6 Rxd5 58.
b4 axb4 59. a5 Rd1+ 60. Ke2 Rb1 61. a6 d5 62. a7 Ra1 63. Qb7 1-0

[Event "SK Münster 2 - SV Kamen 1"]
[Site "NRW-Klasse, Gruppe 2 2016/201"]
[Date "2017.03.26"]
[Round "8.4"]
[White "Neuer, Thomas"]
[Black "Georg, Heinz"]
[Result "0-1"]
[WhiteElo "2081"]
[BlackElo "2124"]
[Annotator "Daniel"]
[PlyCount "56"]
[EventDate "2017.??.??"]
[WhiteTeam "SK Münster 2"]
[BlackTeam "SV Kamen 1"]

1. Nf3 f5 2. d3 Nf6 3. e4 d6 4. exf5 Bxf5 5. d4 Qd7 6. Nc3 Nc6 7. a3 e5 8. d5
Nd8 9. Bb5 c6 10. Ba4 Be7 11. Bg5 O-O 12. h3 e4 13. dxc6 bxc6 14. Nd4 d5 15.
Qd2 Bg6 16. O-O $11 h6 17. Bxf6 Bxf6 18. b4 Qd6 19. Bb3 Kh8 20. Na4 Nf7 21. Nc5
Ne5 22. Rae1 Bg5 23. Qd1 Rae8 24. f4 Bxf4 25. Kh1 Rf6 26. Ne2 Be3 27. Nd4 Bf2
28. Re2 Bxd4 0-1

[Event "SK Münster 2 - SV Kamen 1"]
[Site "NRW-Klasse, Gruppe 2 2016/201"]
[Date "2017.03.26"]
[Round "8.5"]
[White "Kleinegger, Frank"]
[Black "Kubo, Thomas"]
[Result "1-0"]
[WhiteElo "2116"]
[BlackElo "2038"]
[PlyCount "59"]
[EventDate "2017.??.??"]
[WhiteTeam "SV Kamen 1"]
[BlackTeam "SK Münster 2"]

1. d4 e6 2. Nf3 f5 3. g3 d5 4. Bg2 Nf6 5. O-O Bd6 6. c4 c6 7. b3 Qe7 8. Bb2 O-O
9. Ne5 b5 10. Nd2 bxc4 11. bxc4 Ne4 12. Ndf3 Ba6 13. Qa4 Qb7 14. Rab1 Qb4 15.
Qc2 dxc4 16. Ba1 Qa5 17. Nxc4 Bxc4 18. Qxc4 Qd5 19. Qc2 Nd7 20. Nd2 Ndf6 21.
Nc4 Bc7 22. Rfc1 c5 23. Ne3 Qd7 24. dxc5 Rab8 25. c6 Qd6 26. Rb7 Bb6 27. Bxe4
fxe4 28. Bxf6 Rxf6 29. Rxb8+ Qxb8 30. Qxe4 1-0

[Event "SK Münster 2 - SV Kamen 1"]
[Site "NRW-Klasse, Gruppe 2 2016/201"]
[Date "2017.03.26"]
[Round "8.6"]
[White "Austrup, David"]
[Black "Kilian, Ralf"]
[Result "0-1"]
[WhiteElo "1897"]
[BlackElo "2110"]
[PlyCount "78"]
[EventDate "2017.??.??"]
[WhiteTeam "SK Münster 2"]
[BlackTeam "SV Kamen 1"]

1. e4 e6 2. d4 d5 3. Nc3 Nf6 4. e5 Nfd7 5. f4 c5 6. Nf3 Nc6 7. Be3 Qb6 8. Na4
Qa5+ 9. c3 b6 10. Bd2 c4 11. b4 Nxb4 12. cxb4 Bxb4 13. Qc2 Bxd2+ 14. Nxd2 b5
15. Nb2 c3 16. Nd3 cxd2+ 17. Qxd2 Qxd2+ 18. Kxd2 Nb6 19. Nc5 a6 20. a4 Nxa4 21.
Nxa4 bxa4 22. Rxa4 O-O 23. Be2 Rb8 24. Rha1 Rb2+ 25. Ke1 g6 26. Kf1 f6 27. Bxa6
Bd7 28. R4a2 Rxa2 29. Rxa2 fxe5 30. dxe5 Rxf4+ 31. Rf2 Re4 32. Re2 Ra4 33. Bd3
Ra3 34. Rd2 Rxd3 35. Rxd3 Bb5 36. Ke2 Kf7 37. g4 Ke7 38. Ke3 Bxd3 39. Kxd3 Kd7
0-1

[Event "SK Münster 2 - SV Kamen 1"]
[Site "NRW-Klasse, Gruppe 2 2016/201"]
[Date "2017.03.26"]
[Round "8.7"]
[White "Seepe, Udo"]
[Black "Kaufhold, Thomas"]
[Result "1/2-1/2"]
[WhiteElo "2062"]
[BlackElo "1992"]
[Annotator "Daniel"]
[PlyCount "76"]
[EventDate "2017.??.??"]
[WhiteTeam "SV Kamen 1"]
[BlackTeam "SK Münster 2"]

1. c4 e5 2. g3 g6 3. Bg2 Bg7 4. Nc3 Nc6 5. Nf3 d6 6. O-O f5 7. d3 Nf6 8. Ne1
O-O 9. Nc2 Be6 10. Ne3 Qd7 11. Ned5 $11 Nd8 12. Bg5 Nh5 13. Bd2 c6 14. Nb4 f4
15. Ne4 Bh3 16. f3 Be6 17. e3 h6 18. Nc2 b6 19. exf4 exf4 20. g4 Nf6 21. Nf2
Ne8 22. Bc3 d5 23. Bxg7 Qxg7 24. b3 Nc7 25. Re1 c5 26. cxd5 Nxd5 27. d4 cxd4
28. Qxd4 Bf7 29. Bf1 $11 Nc6 30. Qxg7+ Kxg7 31. Bc4 Rad8 32. Ne4 Ndb4 33. Nxb4
Nxb4 34. Rad1 Bxc4 35. bxc4 Nc2 36. Rxd8 Rxd8 37. Rc1 Nd4 38. Kf2 Ne6 1/2-1/2

[Event "SK Münster 2 - SV Kamen 1"]
[Site "NRW-Klasse, Gruppe 2 2016/201"]
[Date "2017.03.26"]
[Round "8.8"]
[White "Baumann, Stephan"]
[Black "Rumpf, Thomas"]
[Result "1-0"]
[WhiteElo "2003"]
[BlackElo "2009"]
[Annotator "Daniel"]
[PlyCount "97"]
[EventDate "2017.??.??"]
[WhiteTeam "SK Münster 2"]
[BlackTeam "SV Kamen 1"]

1. e4 e5 2. Nf3 Nc6 3. Bb5 a6 4. Bxc6 dxc6 5. O-O Bg4 6. h3 Bh5 7. g4 Bg6 8.
Nxe5 Qh4 9. Qf3 f6 10. Nxg6 hxg6 11. Kg2 g5 12. d4 Ne7 13. Rh1 O-O-O 14. Be3
Kb8 15. Nd2 Qh7 16. c3 Ng6 17. Qe2 Nh4+ 18. Kf1 Re8 19. b4 Bd6 20. f3 Ng6 21.
a4 Bf4 22. Bf2 Bxd2 $11 23. Qxd2 Qg8 24. Qa2 Nf4 25. Bg3 Nxh3 26. Qxg8 Rexg8
27. Ra2 Nf4 28. Rah2 Rxh2 29. Rxh2 Ng6 30. Ke2 Kc8 31. Ke3 Re8 32. f4 gxf4+ 33.
Bxf4 Kd7 34. Rh5 Nxf4 35. Kxf4 Ke6 36. g5 Rf8 37. g6 Rd8 38. Rh7 Rg8 39. c4 Kd6
40. Kf5 b5 41. axb5 axb5 42. cxb5 cxb5 43. Rxg7 Rxg7 44. Kxf6 Re7 45. e5+ Kd7
46. g7 Re6+ 47. Kf7 Re7+ 48. Kg6 Re8 49. Kh7 1-0

[Event "SG Niederkassel 1 - SG Bochum 2"]
[Site "NRW-Klasse, Gruppe 2 2016/201"]
[Date "2017.03.26"]
[Round "8.1"]
[White "Tkachuk, Konstantyn"]
[Black "Schienmann, Bruno"]
[Result "1-0"]
[WhiteElo "2229"]
[BlackElo "2266"]
[PlyCount "89"]
[EventDate "2017.??.??"]
[WhiteTeam "SG Bochum 2"]
[BlackTeam "SG Niederkassel 1"]

1. e4 e6 2. d4 d5 3. exd5 exd5 4. Nf3 Bd6 5. c4 c6 6. Nc3 Ne7 7. c5 Bc7 8. Bd3
Nd7 9. O-O O-O 10. Bg5 f6 11. Bh4 Re8 12. Qc2 Nf8 13. b4 a6 14. a4 Bg4 15. Nd2
Neg6 16. Bg3 Nf4 17. Bxf4 Bxf4 18. Nb3 Qd7 19. b5 axb5 20. axb5 Qf7 21. Rxa8
Rxa8 22. Ne2 Bb8 23. f3 Bd7 24. b6 Qe8 25. Qd2 Ra3 26. Nec1 g5 27. g3 Qh5 28.
Qb4 Ra8 29. Na5 Bh3 30. Rf2 Qf7 31. Qe1 Ne6 32. Ncb3 h5 33. Re2 Qd7 34. Bg6 Kg7
35. Bxh5 Kh6 36. Bg4 Bxg4 37. fxg4 Ng7 38. h3 Qf7 39. Re7 Bxg3 40. Rxf7 Bxe1
41. Rxf6+ Kh7 42. Nxb7 Ra3 43. Rf3 Ne6 44. Nd6 Ra4 45. Re3 1-0

[Event "SG Niederkassel 1 - SG Bochum 2"]
[Site "NRW-Klasse, Gruppe 2 2016/201"]
[Date "2017.03.26"]
[Round "8.3"]
[White "Koellner, Ruben Gideon"]
[Black "Rybarczyk, Klaus"]
[Result "1-0"]
[WhiteElo "2064"]
[BlackElo "2219"]
[PlyCount "133"]
[EventDate "2017.??.??"]
[WhiteTeam "SG Bochum 2"]
[BlackTeam "SG Niederkassel 1"]

1. d4 Nf6 2. Nf3 g6 3. Nbd2 c5 4. e3 Bg7 5. c3 b6 6. Bd3 Bb7 7. O-O O-O 8. a3
Nc6 9. b4 cxd4 10. cxd4 d6 11. Bb2 a6 12. Rc1 b5 13. Qb3 e6 14. Ra1 Nd5 15. Be4
Nf6 16. Bd3 d5 17. a4 Qb6 18. Ra2 Ne8 19. axb5 axb5 20. Rxa8 Bxa8 21. Ne5 Bxe5
22. dxe5 d4 23. exd4 Nxd4 24. Qc3 Nc6 25. Be4 Ng7 26. Rc1 Ne7 27. Bxa8 Rxa8 28.
Ne4 Ngf5 29. Nf6+ Kg7 30. g4 Nh4 31. Qh3 g5 32. Qd3 Neg6 33. Nh5+ Kh6 34. Qe4
Rd8 35. Rf1 Qc7 36. f4 gxf4 37. Bc1 Qa7+ 38. Kh1 Qf2 39. Bxf4+ Nxf4 40. Qxf4+
Qxf4 41. Nxf4 Rd4 42. h3 Rxb4 43. Nh5 Re4 44. Rf6+ Kg5 45. Rxf7 Rxe5 46. Rxh7
Re3 47. Kh2 Re2+ 48. Kg1 Nf3+ 49. Kf1 Nd4 50. Rd7 Rd2 51. Ng3 Rd1+ 52. Kf2 e5
53. Rd5 Kf6 54. Rd6+ Kg5 55. Rd5 Kf6 56. Rd6+ Ke7 57. Nf5+ Kf7 58. Rd7+ Kf6 59.
Rd6+ Kg5 60. Nxd4 Rxd4 61. Rb6 Rb4 62. Re6 Kf4 63. Rf6+ Ke4 64. g5 Rb2+ 65. Kg3
Rb1 66. g6 Kd4 67. Kg2 1-0

[Event "SG Niederkassel 1 - SG Bochum 2"]
[Site "NRW-Klasse, Gruppe 2 2016/201"]
[Date "2017.03.26"]
[Round "8.5"]
[White "Mazarov, Juergen"]
[Black "Broehl, Stephan"]
[Result "1-0"]
[WhiteElo "2065"]
[BlackElo "2112"]
[PlyCount "53"]
[EventDate "2017.??.??"]
[WhiteTeam "SG Bochum 2"]
[BlackTeam "SG Niederkassel 1"]

1. e4 c6 2. d4 d5 3. Nc3 dxe4 4. Nxe4 Bf5 5. Ng3 Bg6 6. f4 e6 7. Nf3 Nd7 8. Bd3
Bxd3 9. Qxd3 Bd6 10. O-O Ne7 11. f5 e5 12. Ne4 Qc7 13. Nxd6+ Qxd6 14. dxe5 Qxd3
15. cxd3 Nxf5 16. Ng5 Nh6 17. e6 Nf6 18. exf7+ Nxf7 19. Ne6 Kd7 20. Nxg7 Rhg8
21. Nh5 Nxh5 22. Rxf7+ Ke6 23. Rxh7 Nf6 24. Rxb7 Rad8 25. Rxa7 Rxd3 26. Bf4 Nd5
27. Bg3 1-0

[Event "SG Niederkassel 1 - SG Bochum 2"]
[Site "NRW-Klasse, Gruppe 2 2016/201"]
[Date "2017.03.26"]
[Round "8.6"]
[White "Riedel, Holger"]
[Black "Haase, Thomas"]
[Result "0-1"]
[WhiteElo "2095"]
[BlackElo "2014"]
[PlyCount "120"]
[EventDate "2017.??.??"]
[WhiteTeam "SG Niederkassel 1"]
[BlackTeam "SG Bochum 2"]

1. Nf3 c5 2. c3 d5 3. d4 e6 4. Bg5 Nf6 5. Nbd2 cxd4 6. cxd4 Nc6 7. e3 Qb6 8.
Qb1 Bd7 9. a3 h6 10. Bh4 Be7 11. Bd3 O-O 12. O-O Rfc8 13. b4 Nd8 14. Nb3 Bb5
15. Nc5 Qc6 16. Ne5 Qe8 17. Rc1 a5 18. Bxb5 Qxb5 19. bxa5 Qxb1 20. Raxb1 Bxc5
21. dxc5 Rxa5 22. Bxf6 gxf6 23. Nd7 Kg7 24. Rb4 h5 25. g4 Rc7 26. Nb6 Rcxc5 27.
Rxc5 Rxc5 28. gxh5 f5 29. Nd7 Rc7 30. Nb6 Nc6 31. Rh4 Ne5 32. Kg2 Rc6 33. Na8
Ra6 34. Nc7 Rxa3 35. h6+ Kh8 36. Rb4 Ra7 37. Rb6 Nc4 38. Rb4 Kh7 39. Nb5 Ra2
40. Kg3 Kxh6 41. Nd4 b6 42. Nc6 Kg7 43. h4 Ra1 44. Kg2 Rc1 45. Nb8 Rc2 46. Kg3
f4+ 47. Kxf4 Rxf2+ 48. Kg3 Re2 49. Kf4 e5+ 50. Kg5 Rxe3 51. Nd7 Rg3+ 52. Kf5
Rf3+ 53. Kg4 e4 54. h5 Rf1 55. Kg5 Rg1+ 56. Kf4 e3 57. Kf3 Rf1+ 58. Ke2 Rf2+
59. Ke1 Rh2 60. Kf1 Nd2+ 0-1

[Event "SG Niederkassel 1 - SG Bochum 2"]
[Site "NRW-Klasse, Gruppe 2 2016/201"]
[Date "2017.03.26"]
[Round "8.7"]
[White "Butschek, Marc"]
[Black "Freundlieb, Thomas"]
[Result "0-1"]
[WhiteElo "1961"]
[BlackElo "1959"]
[PlyCount "118"]
[EventDate "2017.??.??"]
[WhiteTeam "SG Bochum 2"]
[BlackTeam "SG Niederkassel 1"]

1. e4 d6 2. Bc4 Nf6 3. d3 c6 4. Bb3 e5 5. Ne2 Be7 6. Bg5 Nbd7 7. Nd2 h6 8. Bh4
Nc5 9. O-O a5 10. a3 Nxb3 11. Nxb3 O-O 12. Rb1 Nh5 13. Bxe7 Qxe7 14. Qd2 a4 15.
Nbc1 f5 16. exf5 Bxf5 17. Qe3 Nf6 18. Ng3 Nd5 19. Nxf5 Rxf5 20. Qe4 Qf7 21. Ne2
Nf4 22. Rbe1 Nxe2+ 23. Rxe2 Rf4 24. Qe3 c5 25. Qd2 Qd5 26. f3 Qd4+ 27. Qe3 Qxb2
28. g3 Rf7 29. Qe4 Qd4+ 30. Kg2 Qxe4 31. dxe4 b5 32. c3 Rb7 33. Rb1 Kf7 34. Kf2
Rab8 35. Reb2 Ke6 36. Ke3 Rb6 37. Kd3 R6b7 38. Ke3 Kd7 39. Ke2 Kc6 40. h3 Rb6
41. Ke3 R6b7 42. f4 exf4+ 43. gxf4 Re8 44. Kd3 Re6 45. Rg2 Rbe7 46. Re1 Rf6 47.
f5 Rxf5 48. exf5 Rxe1 49. Rxg7 Kd5 50. f6 Rf1 51. f7 Rf3+ 52. Ke2 Rf6 53. Rh7
Kc4 54. Rg7 Kb3 55. h4 c4 56. Rg1 Rxf7 57. Rb1+ Kxc3 58. Rxb5 Re7+ 59. Kd1 Re5
0-1